| 000 | 00907nam a22002057a 4500 | ||
|---|---|---|---|
| 005 | 20260304082652.0 | ||
| 008 | 240814b ||||| |||| 00| 0 eng d | ||
| 082 | _aDPer 155.205 J826 April-June 2020 v. 118 n. 4-6 | ||
| 100 |
_aMontgomery, Nicole Votolato. _eauthor. _957545 |
||
| 245 |
_aHow leader gender influences external audience response to organizational failures / _cNicole Votolato Montgomery and Amanda P. Cowen. |
||
| 260 |
_aWashington ; _bAmerican Psychological Association , _cApril 2020. |
||
| 300 |
_aVolume 118, pages 639-660 : _billustration ; _c28 cm. |
||
| 500 | _aJournal of Personality and Social Psychology, vol. 118, no. 4, pages 639-660, April 2020. | ||
| 650 |
_aPsychology. _959999 |
||
| 650 |
_aPerception. _960000 |
||
| 650 |
_aFemenism. _960001 |
||
| 700 |
_a Montgomery, Nicole Votolato. _eauthor. _957546 |
||
| 700 |
_aCowen, Amanda P. _eauthor. _957547 |
||
| 942 |
_2ddc _cPER |
||
| 999 |
_c20391 _d20391 |
||